| 000 | 00490cam a22001337a 4500 | ||
|---|---|---|---|
| 008 | 180718b2000 xxu||||| |||| 00| 0 eng d | ||
| 100 | _aRao, Vijayendra | ||
| 245 |
_aSex workers and the cost of safe sex: the compensating differential for condom use in Calcutta _cby Vijayendra Rao, Indrani Gupta and Smarajit Jana |
||
| 260 |
_aWashington, D.C. _bWorld Bank _c2000 |
||
| 300 | _a18p. | ||
| 440 | _aPolicy research working paper; 2334 | ||
| 700 | _aJana, Smarajit | ||
| 700 | _aGupta, Indrani | ||
| 999 |
_c282698 _d282698 |
||